Wird geladen...

Stylistics

Bibliographische Detailangaben
Hauptverfasser: Jeffries, Lesley; Author, McIntyre, Dan; Editor
Format: Printed Book
Veröffentlicht: Cambridge, Cambridge University Press 2010
Schriftenreihe:Cambridge textbooks in linguistics
Schlagworte:
LEADER 008270000a22002530004500
020 |a 978-0-521-72869-0 
082 |a 418 Q0 
100 |a Jeffries, Lesley; Author 
100 |a McIntyre, Dan; Editor 
245 |a Stylistics 
250
260 |a Cambridge, Cambridge University Press  |e 21997 
260 |c 2010 
460 |a xiv, 226p 
465 |a GBP 19.99 
490 |a Cambridge textbooks in linguistics 
500 |a Includes bibliographical references and index 
500 |a Lesley Jeffries and Dan McIntyre 
650 |a English language-Discourse analysis 
650 |a English language-Style 
650 |a Style, Literary 
942 |c BK 
999 |c 48936  |d 48936 
952 |0 0  |1 0  |4 0  |6 418_000000000000000_Q0  |7 0  |8 ENG  |9 49668  |a MGUL  |b MGUL  |d 2013-07-16  |e GBP 19.99  |l 1  |o 418 Q0  |p 47087  |r 2018-10-29  |s 2018-10-12  |w 2013-07-16  |y BK